| 000 | 00434nam a2200169Ia 4500 | ||
|---|---|---|---|
| 005 | 20250516145150.0 | ||
| 008 | 231217s9999 xx 000 0 und d | ||
| 020 | _a9781558607828 | ||
| 082 | _a001.6424 LOS;2 R | ||
| 100 | _aLoshin, Pete. | ||
| 245 | 0 | _aTCP/IP clearly explained | |
| 250 | _a4th ed. | ||
| 260 |
_c2003 _bMorgan Kaufman _aCalifornia |
||
| 300 | _axxvi, 709 | ||
| 650 | _aTCP/IP,clearly,explained | ||
| 942 | _cAA | ||
| 999 |
_c190774 _d190774 |
||